Govt. of
Madhya Pradesh

Freedom Movement Of India (Record no. 15032)

MARC details
000 -LEADER
fixed length control field 005210000a22001930004500
001 - CONTROL NUMBER
control field 003126
003 - CONTROL NUMBER IDENTIFIER
control field MACL
005 - DATE AND TIME OF LATEST TRANSACTION
control field 20150710164752.0
008 - FIXED-LENGTH DATA ELEMENTS--GENERAL INFORMATION
fixed length control field 150710b xxu||||| |||| 00| 0 eng d
040 ## - CATALOGING SOURCE
Original cataloging agency MACL
Transcribing agency MACL
041 ## - LANGUAGE CODE
Language code of text/sound track or separate title English
082 ## - DEWEY DECIMAL CLASSIFICATION NUMBER
Classification number 320/DAS
100 ## - MAIN ENTRY--PERSONAL NAME
Personal name Das, Asitabha
9 (RLIN) 1680
245 ## - TITLE STATEMENT
Title Freedom Movement Of India
Remainder of title A Chronological Dictionary (1757 To 1947)
Statement of responsibility, etc. Asitabha Das
260 ## - PUBLICATION, DISTRIBUTION, ETC. (IMPRINT)
Place of publication, distribution, etc. Kolkata
Date of publication, distribution, etc. 2002
Name of publisher, distributor, etc. Kishaloy Prakashan,
350 ## - PRICE (NR) (BK AM CF MU VM SE) [OBSOLETE]
Price 300
650 ## - SUBJECT ADDED ENTRY--TOPICAL TERM
Topical term or geographic name as entry element Political Science
9 (RLIN) 88
942 ## - ADDED ENTRY ELEMENTS (KOHA)
Call number prefix 320
Koha item type Books
Source of classification or shelving scheme
Holdings
Withdrawn status Lost status Source of classification or shelving scheme Damaged status Not for loan Home library Current library Date acquired Cost, normal purchase price Total Checkouts Full call number Barcode Date last seen Date last checked out Uniform Resource Identifier Price effective from Koha item type
          MACL MACL 10/07/2015 300.00 1 320/DAS CRE015247 02/05/2024 11/10/2022 14921 15/04/2015 Books